Detalles MARC
| 000 -CABECERA |
| campo de control de longitud fija |
01175nam a22002057a 4500 |
| 003 - IDENTIFICADOR DEL NÚMERO DE CONTROL |
| campo de control |
DO-SdBNP |
| 005 - FECHA Y HORA DE LA ÚLTIMA TRANSACCIÓN |
| campo de control |
20210916101427.0 |
| 007 - CAMPO FIJO DE DESCRIPCIÓN FÍSICA--INFORMACIÓN GENERAL |
| campo de control de longitud fija |
ta |
| 008 - DATOS DE LONGITUD FIJA--INFORMACIÓN GENERAL |
| campo de control de longitud fija |
210916e2017 dr ||||gr|||| 001 0dspa d |
| 040 ## - FUENTE DE LA CATALOGACIÓN |
| Centro catalogador/agencia de origen |
DO-SdBNP |
| Lengua de catalogación |
spa |
| Centro/agencia transcriptor |
BNPHU |
| 082 ## - NÚMERO DE LA CLASIFICACIÓN DECIMAL DEWEY |
| Número de documento/Ítem |
S161o |
| 100 1# - ENTRADA PRINCIPAL--NOMBRE DE PERSONA |
| 9 (RLIN) |
2454 |
| Nombre de persona |
Almonte Salazar , Manuel Antonio |
| Fechas asociadas al nombre |
1955 |
| 245 10 - MENCIÓN DE TÍTULO |
| Título |
Octubre 17: |
| Resto del título |
algunas enseñanzas de la revolución de octubre para la revolución dominicana / |
| Mención de responsabilidad, etc. |
Manuel Salazar |
| 260 ## - PUBLICACIÓN, DISTRIBUCIÓN, ETC. |
| Lugar de publicación, distribución, etc. |
Santo Domingo : |
| Nombre del editor, distribuidor, etc. |
Partido Comunista del Trabajo -PCT-, |
| -- |
Mediabyte, |
| Fecha de publicación, distribución, etc. |
2017 |
| 300 ## - DESCRIPCIÓN FÍSICA |
| Extensión |
[47 p]; |
| Dimensiones |
22 cm |
| 505 00 - NOTA DE CONTENIDO CON FORMATO |
| Nota de contenido con formato |
Presentación. |
| Título |
I. La revolución de octubre fue resultado de un proceso revolucionario.-- |
| -- |
II. Dialéctica de la revolución rusa: algunas categorías de análisis y la democrática como antesala a la socialista.-- |
| -- |
III. La lucha de masa y la dirección del partido: la hegemonía se conquista.-- |
| -- |
IV. Un Partido Comunista de Masa.-- |
| -- |
V. A manera de colofón: hay que asumir una actitud revolucionaria y abandonar el burocratismo conservador y el sectarismo.-- |
| -- |
VI. Textos, bibliografía, consultados. |
| 590 ## - NOTA LOCAL (RLIN) |
| Nota local |
Inventriado 2021 / MF |
| 830 ## - PUNTO DE ACCESO ADICIONAL DE SERIE-TÍTULO UNIFORME |
| Título uniforme |
Partido Comunista del Trabajo |
| 9 (RLIN) |
79907 |
| 942 ## - ELEMENTOS DE PUNTO DE ACCESO ADICIONAL (KOHA) |
| Fuente del sistema de clasificación o colocación |
Dewey Decimal Classification |
| Tipo de ítem Koha |
Folleto |